[Event "FRA-chT4 0405"]
[Site "Bretagne"]
[Date "2005.03.13"]
[Round "6"]
[White "Dumont, Francois"]
[Black "Andre, Francois Regis"]
[Result "0-1"]
[WhiteElo "1630"]
[BlackElo "1570"]
[PlyCount "70"]
[EventDate "2004.04.03"]
[EventType "team-tourn"]
[EventRounds "7"]
[EventCountry "FRA"]
[SourceTitle "EXT 2007"]
[Source "ChessBase"]
[SourceDate "2006.11.23"]
[SourceVersion "1"]
[SourceVersionDate "2006.11.23"]
[SourceQuality "1"]

1. d4 d5 2. c4 c6 3. Nc3 Nf6 4. Nf3 e6 5. e3 Nbd7 6. Bd3 dxc4 7. Bxc4 b5 8. Bd3 a6 9. Qc2 c5 10. b3 Bb7 11. Ne4 Rc8 12. Qb1 cxd4 13. Nxd4 Bb4+ 14. Bd2 Bxd2+ 15. Kxd2 Nxe4+ 16. Bxe4 Bxe4 17. Qxe4 Nf6 18. Qb7 0-0 19. Ke2 Qd6 20. Rad1 e5 21. Nf5 Rc2+ 22. Ke1 Qb4+ 23. Kf1 Qg4 24. Qf3 e4 25. h3 Qxf3 26. gxf3 exf3 27. Rg1 g6 28. Nd4 Rxa2 29. Nxf3 Rc8 30. Kg2 Rcc2 31. Nd4 Rxf2+ 32. Kg3 Nh5+ 33. Kh4 Ng7 34. Nxb5 Nf5+ 35. Kg5 h6+ 0-1

[Event "Bethune op-B 25th"]
[Site "Bethune"]
[Date "2004.12.26"]
[Round "1"]
[White "Andre, Francois Regis"]
[Black "Cormon, Eric"]
[Result "1-0"]
[WhiteElo "1590"]
[BlackElo "1710"]
[PlyCount "67"]
[EventDate "2004.12.26"]
[EventType "swiss"]
[EventRounds "7"]
[EventCountry "FRA"]
[SourceTitle "EXT 2006"]
[Source "ChessBase"]
[SourceDate "2005.11.24"]
[SourceVersion "1"]
[SourceVersionDate "2005.11.24"]
[SourceQuality "1"]

1. d4 Nf6 2. c4 e5 3. dxe5 Ng4 4. a3 Bc5 5. e3 Nxe5 6. b4 Be7 7. Bb2 Bf6 8. Qc2 d6 9. Be2 Be6 10. Nd2 Nbc6 11. Ngf3 Qd7 12. 0-0 0-0-0 13. b5 Nb8 14. Nd4 Bg4 15. f3 Bh5 16. a4 Qe7 17. e4 g5 18. Nf5 Qe6 19. Nb3 Rhg8 20. Nbd4 Qd7 21. g4 Bg6 22. a5 h5 23. h3 hxg4 24. hxg4 Rh8 25. Kf2 Rh2+ 26. Ke3 Rdh8 27. Rg1 Qe8 28. b6 cxb6 29. Nxd6+ Kc7 30. Nxe8+ Rxe8 31. axb6+ axb6 32. c5 bxc5 33. Qxc5+ Nbc6 34. Nb5+ 1-0

[Event "FRA-chT 0304 Regionale"]
[Site "Bretagne "]
[Date "2004.03.14"]
[Round "6"]
[White "Domelevo Entfellner, Jean Baka"]
[Black "Andre, Francois Regis"]
[Result "1-0"]
[WhiteElo "1499"]
[BlackElo "1660"]
[PlyCount "71"]
[EventDate "2003.01.16"]
[EventType "team-tourn"]
[EventRounds "7"]
[EventCountry "FRA"]
[SourceTitle "EXT 2007"]
[Source "ChessBase"]
[SourceDate "2006.11.23"]
[SourceVersion "1"]
[SourceVersionDate "2006.11.23"]
[SourceQuality "1"]

1. c4 e5 2. Nc3 Nf6 3. g3 Nc6 4. Bg2 Bb4 5. e3 0-0 6. Nge2 a6 7. a3 Ba5 8. b4 Bb6 9. 0-0 Ne7 10. Bb2 d6 11. d4 Ng6 12. Qc2 Re8 13. Rad1 Ba7 14. c5 Qe7 15. dxe5 dxe5 16. Nd5 Nxd5 17. Bxd5 c6 18. Bg2 Be6 19. Nc3 Rad8 20. Ne4 Bb8 21. Kh1 Bd5 22. f3 Rd7 23. Nc3 Be6 24. f4 exf4 25. exf4 f5 26. Rde1 Qf7 27. Nd1 Rde7 28. Ne3 Bb3 29. Qf2 Rd7 30. Bh3 Ne7 31. Nxf5 Bc4 32. Nh6+ gxh6 33. Bxd7 Qd5+ 34. Kg1 Qxd7 35. Rd1 Nd5 36. Qd4 1-0